INTRODUCTION TO DIGITAL COMMUNICATIONS (Record no. 23165)

000 -LEADER
fixed length control field 00313nam a22001217a 4500
003 - CONTROL NUMBER IDENTIFIER
control field Nust
005 - DATE AND TIME OF LATEST TRANSACTION
control field 20170515114154.0
008 - FIXED-LENGTH DATA ELEMENTS--GENERAL INFORMATION
fixed length control field 140127b xxu||||| |||| 00| 0 eng d
020 ## - INTERNATIONAL STANDARD BOOK NUMBER
International Standard Book Number 8129711788
Terms of availability Available
040 ## - CATALOGING SOURCE
Original cataloging agency DLC
Language of cataloging DLC
Transcribing agency RCMS
050 ## - LIBRARY OF CONGRESS CALL NUMBER
Classification number 621.382 PUR
082 ## - DEWEY DECIMAL CLASSIFICATION NUMBER
Classification number 621.382 PUR
100 ## - MAIN ENTRY--PERSONAL NAME
Personal name MICHEAL B. PURSLEY
9 (RLIN) 698
245 ## - TITLE STATEMENT
Title INTRODUCTION TO DIGITAL COMMUNICATIONS
260 ## - PUBLICATION, DISTRIBUTION, ETC.
Place of publication, distribution, etc. INDIA
Name of publisher, distributor, etc. PEARSON
Date of publication, distribution, etc. 2005
538 ## - SYSTEM DETAILS NOTE
Display text Shelf # 15, Row # 2, Communication.<br/>Shelf # 15, Row # 3, Communication.
942 ## - ADDED ENTRY ELEMENTS (KOHA)
Koha item type Book
Source of classification or shelving scheme
Call number prefix 621.382 PUR
Holdings
Withdrawn status Lost status Source of classification or shelving scheme Damaged status Not for loan Permanent Location Current Location Shelving location Date acquired Full call number Barcode Date last seen Price effective from Koha item type
          NUST Baluchistan Campus (NBC) NUST Baluchistan Campus (NBC) General Stacks 03/04/2013 621.382PUR RCMS000452 03/04/2013 01/05/2017 Book
          NUST Baluchistan Campus (NBC) NUST Baluchistan Campus (NBC) General Stacks 03/05/2013 621.382PUR RCMS000321 03/05/2013 03/05/2013 Book
          NUST Baluchistan Campus (NBC) NUST Baluchistan Campus (NBC) General Stacks 03/05/2013 621.382PUR RCMS000322 03/05/2013 03/05/2013 Book
          NUST Baluchistan Campus (NBC) NUST Baluchistan Campus (NBC) General Stacks 01/27/2014 621.382PUR RCMS000320 01/27/2014 01/27/2014 Book
© 2023 Central Library, National University of Sciences and Technology. All Rights Reserved.